Ботаника (Запис номер 454552)
[ съкратено ]
| 000 -Лидер | |
|---|---|
| Контролно поле с фиксирана дължина | nam a22 a 4500 |
| 003 - Код на организацията, давaща контролен номер | |
| Контролно поле | BLK |
| 005 - Дата и час на последна редакция | |
| Контролно поле | 20220503084613.0 |
| 008 - Елементи от данни с фиксирана дължина | |
| fixed length control field | 200311b bul|||||r ||||||| ||bul|| |
| 040 ## - Източник на каталожния запис | |
| Идентификатор на билиотеката - собственик на записа | BLK |
| 041 ## - Код за език | |
| Код за езика на текст/звукозапис или на отделно заглавие | Български |
| Код за езика КДБФ | Български |
| 080 ## - УДК | |
| Текстов определител УДК | Ботаника. Вж и 631/635, Ботанически резервати вж 502.7 |
| УДК код - определител по УДК | 58 |
| УДК - код + определител | 58 |
| 100 ## - Редна дума - Автор | |
| R(LIN) | 1299 |
| Автор | Гегов, Атанас Георгиев |
| Авторска отговорност | първи автор |
| 139 ## - Редно поле | |
| Редна дума | Гегов Атанас Георгиев |
| 245 10 - Сведения за заглавието | |
| Заглавие | Ботаника |
| Подзаглавни данни | Учебник за ВЛТИ |
| Редно поле (дума) | Атанас Гегов |
| 250 ## - Област на изданието | |
| Сведения за изданието | [2. изд.] |
| 257 ## - Страна на издаване | |
| Страна на създаване/издаване | България |
| 260 ## - Област на издателските данни | |
| Място на издаване, разпространение и проч. | София |
| Име на издателя, разпространителя и проч. | Земиздат |
| Година на издаване | 1964 |
| 9 (RLIN) | 209440 |
| Издателство - префикс ISBN | 954-05- |
| 300 ## - Физическа характеристика | |
| Страници | 398 с. |
| Илюстрации и др. | с ил. |
| Размери/Мащаб | 25 см |
| 380 ## - Жанр | |
| Жанр | Естествени науки. Математика |
| 500 ## - Общи забележки | |
| Забележка | 1. изд. 1959. 1 060 тир. |
| 650 #0 - Допълнително описание по предмет – тема | |
| Основно описание – тема или топоним | Ботаника - учебници за ВУЗ |
| 9 (RLIN) | 245174 |
| 653 #7 - Ключова дума – ненормативна | |
| Ключова дума | ботаника |
| 9 (RLIN) | 182340 |
| 852 ## - Местоположение | |
| Форматна сигнатура | Цб 31851 |
| Фондова буква | Хранилище |
| 999 ## - СИСТЕМНИ КОНТРОЛНИ НОМЕРА | |
| Koha biblionumber | 454552 |
| Koha biblioitemnumber | 454552 |
| 942 ## - АРТИКУЛИ | |
| Вид на библиотечния материал | Книги |
| Скрит в OPAC | Не |
| Периодичен библиозапис | Да |
| 944 ## - СЪЗДАВАНЕ И РЕДАКЦИЯ на ЗАПИСА | |
| Създаване/Редакция | Създаване |
| Дата на регистрацията/редакция | 2022-05-03 |
| Служител, извършил регистрацията/редакцията | Микаела Микова-Илиева |
| 999 ## - СИСТЕМНИ КОНТРОЛНИ НОМЕРА | |
| Koha biblioitemnumber | 403578 |
| Код за отписване | Код за изгубен артикул | Източник на класификационната схема | Код за повреда | Коз за рестрикции | Код за отдаване | Артикулен № | Име на библиотеката - собственик | Име на библиотеката, в която се намира в момента | Статус (Текущо местоположение) | Дата на вписване в системата | Местоположение - отдел | Цена в лева | Инвентарен номер | Систематично азбучна сигнатура | Баркод | Цена в евро | Служебен тип на артикула |
|---|---|---|---|---|---|---|---|---|---|---|---|---|---|---|---|---|---|
| Не е изгубен | Universal Decimal Classification | Не е повреден | само за читалня | ползва се в читалня | 883221 | Регионална библиотека "Любен Каравелов" Русе | Регионална библиотека "Любен Каравелов" Русе | Хранилище | 2022-05-10 | Хранилище | 1.71 | 16471/64 | Цб 31851 | 900000093910 | 0.87 | Книги |